| 000 | 00871cab a2200229 4500 | ||
|---|---|---|---|
| 001 | ##L135521 | ||
| 008 | 060322n2006 000 0 eng u | ||
| 035 | _a(Sirsi) u135521 | ||
| 041 | 0 | _aeng | |
| 100 | 1 | _aEade, Christine | |
| 245 | 0 | 0 |
_aProperty Week supplement _bWales |
| 260 | _c2006 | ||
| 490 | 0 |
_aProperty Week _v71(42) 20 October 2006, (17) |
|
| 520 | _aLooks at the restoration project of Cardiff's coal exchange to its former glory for flats and business tenants; the prospect of transforming Newport's Llanwern steelworks into a new town and Swansea's waterfront which is being developed with a minimum of outside funding. | ||
| 590 | _aIKA141106 | ||
| 651 | 4 |
_aWales _y1998-2007 |
|
| 690 | _aPROPERTY-COMMERCIAL PROPERTY-COMMERCIAL PROPERTY MARKET | ||
| 700 | 1 | _aParker, Stephen | |
| 700 | 1 | _aPhillips, Mike | |
| 700 | 1 | _aWatts, Tony | |
| 942 | _n0 | ||
| 999 |
_c77923 _d77923 |
||